[Event "European Women's Championship"]
[Site "Vysoke Tatry"]
[Date "2018.04.09"]
[Round "2"]
[White "Theissl Pokorna, Regina"]
[Black "Zimina, Olga"]
[Result "0-1"]
[Board "11"]
[WhiteElo "2320"]
[WhiteTitle "WGM"]
[WhiteCountry "AUT"]
[WhiteFideId "14902052"]
[WhiteEloChange "-7"]
[BlackElo "2414"]
[BlackTitle "IM"]
[BlackCountry "ITA"]
[BlackFideId "4132190"]
[BlackEloChange "4"]

1. e4 {[%clk 1:30:56]} c6 {[%clk 1:30:52]} 2. d4 {[%clk 1:31:22]} d5 {[%clk
1:31:18]} 3. exd5 {[%clk 1:31:46]} cxd5 {[%clk 1:31:44]} 4. c4 {[%clk 1:32:11]}
Nf6 {[%clk 1:32:08]} 5. Nc3 {[%clk 1:32:37]} g6 {[%clk 1:32:34]} 6. Qb3 {[%clk
1:32:54]} Bg7 {[%clk 1:32:58]} 7. cxd5 {[%clk 1:33:20]} O-O {[%clk 1:33:23]} 8.
Be2 {[%clk 1:33:40]} Nbd7 {[%clk 1:32:57]} 9. Bf3 {[%clk 1:34:00]} Nb6 {[%clk
1:33:23]} 10. a4 {[%clk 1:34:12]} a5 {[%clk 1:32:31]} 11. Nge2 {[%clk 1:34:23]}
Bf5 {[%clk 1:32:31]} 12. Bf4 {[%clk 1:29:01]} Bd3 {[%clk 1:31:14]} 13. d6 {[%clk
1:26:33]} exd6 {[%clk 1:30:59]} 14. O-O {[%clk 1:27:00]} Re8 {[%clk 1:27:01]} 15.
Rfe1 {[%clk 1:26:43]} Bc4 {[%clk 1:22:35]} 16. Qa3 {[%clk 1:19:48]} Bf8 {[%clk
1:16:01]} 17. b3 {[%clk 1:14:20]} Bd5 {[%clk 1:03:38]} 18. Nxd5 {[%clk 1:00:57]}
Nbxd5 {[%clk 0:58:00]} 19. Bg5 {[%clk 0:58:12]} Nb4 {[%clk 0:50:20]} 20. Bxb7
{[%clk 0:56:49]} Rb8 {[%clk 0:43:37]} 21. Bf3 {[%clk 0:56:34]} Nc2 {[%clk
0:32:32]} 22. Qb2 {[%clk 0:55:37]} Nxa1 {[%clk 0:31:13]} 23. Rxa1 {[%clk
0:53:40]} h6 {[%clk 0:31:04]} 24. Be3 {[%clk 0:52:00]} Ne4 {[%clk 0:28:44]} 25.
Bxe4 {[%clk 0:45:12]} Rxe4 {[%clk 0:29:11]} 26. Nc3 {[%clk 0:45:37]} Rh4 {[%clk
0:22:55]} 27. Nb5 {[%clk 0:34:00]} d5 {[%clk 0:22:03]} 28. Qe2 {[%clk 0:31:43]}
Rc8 {[%clk 0:18:47]} 29. Qd3 {[%clk 0:27:09]} Bd6 {[%clk 0:12:56]} 30. g3 {[%clk
0:22:02]} Rh5 {[%clk 0:12:21]} 31. Bd2 {[%clk 0:17:54]} Bb8 {[%clk 0:06:58]} 32.
b4 {[%clk 0:15:41]} Qd7 {[%clk 0:06:37]} 33. Qf1 {[%clk 0:13:11]} Rc2 {[%clk
0:06:38]} 34. Be1 {[%clk 0:13:24]} axb4 {[%clk 0:04:17]} 35. Bxb4 {[%clk
0:13:49]} Rf5 {[%clk 0:04:39]} 36. Be1 {[%clk 0:14:06]} Rc4 {[%clk 0:03:06]} 37.
Qd3 {[%clk 0:14:30]} Ba7 {[%clk 0:02:42]} 38. Bd2 {[%clk 0:11:20]} Rh5 {[%clk
0:02:17]} 39. Nxa7 {[%clk 0:07:07]} Qxa7 {[%clk 0:02:45]} 40. a5 {[%clk 0:37:31]}
Rf5 {[%clk 0:30:50]} 41. Bxh6 {[%clk 0:34:09]} Rf6 {[%clk 0:29:59]} 42. h4 {[%clk
0:08:47]} Ra6 {[%clk 0:21:31]} 43. Be3 {[%clk 0:05:34]} Rxa5 {[%clk 0:21:30]} 44.
Rxa5 {[%clk 0:06:02]} Qxa5 {[%clk 0:21:54]} 45. h5 {[%clk 0:06:27]} Qa6 {[%clk
0:17:53]} 46. Qb3 {[%clk 0:05:31]} gxh5 {[%clk 0:08:47]} 47. Qb8+ {[%clk
0:05:56]} Rc8 {[%clk 0:08:52]} 48. Qe5 {[%clk 0:06:16]} Qe6 {[%clk 0:08:20]} 49.
Qg5+ {[%clk 0:05:09]} Kf8 {[%clk 0:08:33]} 50. Qxh5 {[%clk 0:05:24]} Ke8 {[%clk
0:08:16]} 51. Kg2 {[%clk 0:05:07]} Kd7 {[%clk 0:08:11]} 52. Qh3 {[%clk 0:03:01]}
Re8 {[%clk 0:03:06]} 53. Qxe6+ {[%clk 0:03:20]} Rxe6 {[%clk 0:03:29]} 54. Kf3
{[%clk 0:03:33]} Re4 {[%clk 0:03:53]} 55. Ke2 {[%clk 0:03:52]} Kc6 {[%clk
0:04:19]} 56. Kd3 {[%clk 0:04:05]} Kb5 {[%clk 0:04:41]} 57. Bf4 {[%clk 0:04:04]}
Kb4 {[%clk 0:04:38]} 58. Bd2+ {[%clk 0:02:07]} Kb3 {[%clk 0:04:59]} 59. Be3
{[%clk 0:02:33]} Re6 {[%clk 0:05:05]} 60. Bd2 {[%clk 0:03:00]} Ra6 {[%clk
0:05:01]} 61. g4 {[%clk 0:03:05]} Ra1 {[%clk 0:03:42]} 62. g5 {[%clk 0:03:23]}
Rg1 {[%clk 0:03:42]} 63. Be3 {[%clk 0:03:05]} Rg2 {[%clk 0:03:47]} 64. f4 {[%clk
0:02:54]} Rg3 {[%clk 0:02:03]} 65. Ke2 {[%clk 0:02:24]} Kc4 {[%clk 0:02:26]} 66.
f5 {[%clk 0:02:38]} Rh3 {[%clk 0:02:15]} 67. Bf2 {[%clk 0:00:58]} Kc3 {[%clk
0:01:47]} 68. Be3 {[%clk 0:00:53]} Kc4 {[%clk 0:01:31]} 69. Bf2 {[%clk 0:01:15]}
Rb3 {[%clk 0:01:21]} 70. Be3 {[%clk 0:01:19]} Rb7 {[%clk 0:01:36]} 71. Kf3 {[%clk
0:01:03]} Kd3 {[%clk 0:02:00]} 72. Bf2 {[%clk 0:01:19]} Re7 {[%clk 0:01:47]} 73.
Bg1 {[%clk 0:01:38]} Rb7 {[%clk 0:01:05]} 74. Bf2 {[%clk 0:01:55]} Rb1 {[%clk
0:01:11]} 75. g6 {[%clk 0:02:19]} fxg6 {[%clk 0:01:32]} 76. fxg6 {[%clk 0:02:24]}
Rb6 {[%clk 0:01:57]} 77. Kf4 {[%clk 0:01:46]} Rxg6 {[%clk 0:01:27]} 78. Ke5
{[%clk 0:02:13]} Rg5+ {[%clk 0:01:35]} 79. Kd6 {[%clk 0:02:41]} Kc4 {[%clk
0:01:39]} 0-1

[Event "European Women's Championship"]
[Site "Vysoke Tatry"]
[Date "2018.04.09"]
[Round "2"]
[White "Kulon, Klaudia"]
[Black "Melia, Salome"]
[Result "1/2-1/2"]
[Board "13"]
[WhiteElo "2319"]
[WhiteTitle "WGM"]
[WhiteCountry "POL"]
[WhiteFideId "1131044"]
[WhiteEloChange "3"]
[BlackElo "2411"]
[BlackTitle "IM"]
[BlackCountry "GEO"]
[BlackFideId "13602446"]
[BlackEloChange "-1"]

1. e4 {[%clk 1:30:57]} c5 {[%clk 1:30:46]} 2. Nf3 {[%clk 1:31:24]} Nc6 {[%clk
1:30:34]} 3. d4 {[%clk 1:31:48]} cxd4 {[%clk 1:31:00]} 4. Nxd4 {[%clk 1:32:15]}
Nf6 {[%clk 1:30:26]} 5. Nc3 {[%clk 1:32:41]} e5 {[%clk 1:30:51]} 6. Ndb5 {[%clk
1:33:07]} d6 {[%clk 1:31:17]} 7. Bg5 {[%clk 1:33:35]} a6 {[%clk 1:31:43]} 8. Na3
{[%clk 1:34:02]} b5 {[%clk 1:32:09]} 9. Bxf6 {[%clk 1:34:27]} gxf6 {[%clk
1:32:35]} 10. Nd5 {[%clk 1:34:53]} f5 {[%clk 1:32:09]} 11. c3 {[%clk 1:35:10]}
Bg7 {[%clk 1:31:18]} 12. Bd3 {[%clk 1:35:18]} Be6 {[%clk 1:30:27]} 13. Nxb5
{[%clk 1:35:18]} axb5 {[%clk 1:29:23]} 14. Bxb5 {[%clk 1:35:42]} Rc8 {[%clk
1:29:10]} 15. Qa4 {[%clk 1:21:51]} Bd7 {[%clk 1:29:19]} 16. exf5 {[%clk 1:22:16]}
h5 {[%clk 1:29:23]} 17. O-O {[%clk 1:18:55]} Rh6 {[%clk 1:29:48]} 18. Rad1 {[%clk
1:14:43]} Kf8 {[%clk 1:29:24]} 19. Qe4 {[%clk 0:46:25]} Rb8 {[%clk 1:18:33]} 20.
a4 {[%clk 0:34:47]} Qc8 {[%clk 1:10:43]} 21. f6 {[%clk 0:28:08]} Bxf6 {[%clk
1:08:21]} 22. Nb6 {[%clk 0:27:26]} Rxb6 {[%clk 0:57:59]} 23. Qe3 {[%clk 0:27:53]}
Rg6 {[%clk 0:47:34]} 24. Qxb6 {[%clk 0:28:18]} Rxg2+ {[%clk 0:32:23]} 25. Kxg2
{[%clk 0:28:12]} Bh3+ {[%clk 0:32:52]} 26. Kh1 {[%clk 0:28:27]} Bg2+ {[%clk
0:33:16]} 27. Kxg2 {[%clk 0:28:52]} Qg4+ {[%clk 0:33:43]} 28. Kh1 {[%clk
0:29:17]} Qf3+ {[%clk 0:34:05]} 1/2-1/2

[Event "European Women's Championship"]
[Site "Vysoke Tatry"]
[Date "2018.04.09"]
[Round "2"]
[White "Szczepkowska, Karina"]
[Black "Brunello, Marina"]
[Result "1/2-1/2"]
[Board "14"]
[WhiteElo "2403"]
[WhiteTitle "IM"]
[WhiteCountry "POL"]
[WhiteFideId "1122681"]
[WhiteEloChange "-1"]
[BlackElo "2307"]
[BlackTitle "FM"]
[BlackCountry "ITA"]
[BlackFideId "822590"]
[BlackEloChange "3"]

1. e4 {[%clk 1:30:57]} c5 {[%clk 1:30:51]} 2. Nf3 {[%clk 1:31:11]} d6 {[%clk
1:31:09]} 3. d4 {[%clk 1:30:58]} cxd4 {[%clk 1:31:30]} 4. Nxd4 {[%clk 1:31:20]}
Nf6 {[%clk 1:31:50]} 5. Nc3 {[%clk 1:31:37]} a6 {[%clk 1:32:13]} 6. Bg5 {[%clk
1:30:47]} Nbd7 {[%clk 1:30:19]} 7. f4 {[%clk 1:29:30]} Qc7 {[%clk 1:29:50]} 8.
Qf3 {[%clk 1:28:24]} h6 {[%clk 1:29:47]} 9. Bxf6 {[%clk 1:28:18]} Nxf6 {[%clk
1:29:31]} 10. f5 {[%clk 1:28:34]} Qc5 {[%clk 1:21:14]} 11. O-O-O {[%clk 1:27:14]}
g5 {[%clk 1:21:13]} 12. fxg6 {[%clk 1:26:54]} Bg4 {[%clk 1:21:32]} 13. Qd3 {[%clk
1:27:17]} Bxd1 {[%clk 1:21:36]} 14. gxf7+ {[%clk 1:27:37]} Kxf7 {[%clk 1:21:56]}
15. Nxd1 {[%clk 1:27:55]} Bg7 {[%clk 1:18:23]} 16. g3 {[%clk 1:28:11]} Nxe4
{[%clk 1:13:03]} 17. Qxe4 {[%clk 1:28:17]} Bxd4 {[%clk 1:00:50]} 18. Bd3 {[%clk
1:27:59]} Bf6 {[%clk 0:59:02]} 19. Rf1 {[%clk 1:22:31]} Qg5+ {[%clk 0:53:27]} 20.
Kb1 {[%clk 1:20:41]} d5 {[%clk 0:53:25]} 21. Qe2 {[%clk 1:12:14]} e6 {[%clk
0:50:02]} 22. Nf2 {[%clk 1:07:08]} Ke7 {[%clk 0:37:17]} 23. Ng4 {[%clk 0:50:02]}
Rhf8 {[%clk 0:35:50]} 24. Re1 {[%clk 0:34:40]} Rae8 {[%clk 0:20:43]} 25. Bxa6
{[%clk 0:08:26]} bxa6 {[%clk 0:10:09]} 26. Qxe6+ {[%clk 0:08:50]} Kd8 {[%clk
0:10:36]} 27. Qd6+ {[%clk 0:09:08]} Kc8 {[%clk 0:11:02]} 28. Qxa6+ {[%clk
0:07:40]} Kc7 {[%clk 0:09:18]} 29. Qa5+ {[%clk 0:07:20]} Kd6 {[%clk 0:04:49]} 30.
Qb6+ {[%clk 0:05:41]} Kd7 {[%clk 0:05:14]} 31. Qb5+ {[%clk 0:05:40]} Kd8 {[%clk
0:03:20]} 32. Qa5+ {[%clk 0:03:16]} Kd7 {[%clk 0:03:18]} 33. Qa7+ {[%clk
0:01:19]} Kd6 {[%clk 0:03:12]} 34. Qb6+ {[%clk 0:01:36]} Kd7 {[%clk 0:03:39]} 35.
Nxf6+ {[%clk 0:01:18]} Qxf6 {[%clk 0:03:55]} 36. Qb7+ {[%clk 0:01:44]} Kd6 {[%clk
0:04:03]} 37. Qb6+ {[%clk 0:01:24]} Kd7 {[%clk 0:04:29]} 1/2-1/2

[Event "European Women's Championship"]
[Site "Vysoke Tatry"]
[Date "2018.04.09"]
[Round "2"]
[White "Hoolt, Sarah"]
[Black "Doluhanova, Evgeniya"]
[Result "1-0"]
[Board "15"]
[WhiteElo "2393"]
[WhiteTitle "WGM"]
[WhiteCountry "GER"]
[WhiteFideId "24606812"]
[WhiteEloChange "7"]
[BlackElo "2304"]
[BlackTitle "WGM"]
[BlackCountry "UKR"]
[BlackFideId "14112035"]
[BlackEloChange "-7"]

1. e4 {[%clk 1:30:57]} c5 {[%clk 1:30:56]} 2. Nf3 {[%clk 1:31:21]} d6 {[%clk
1:31:21]} 3. d4 {[%clk 1:31:43]} cxd4 {[%clk 1:31:47]} 4. Nxd4 {[%clk 1:32:09]}
Nf6 {[%clk 1:32:13]} 5. Nc3 {[%clk 1:32:33]} a6 {[%clk 1:32:41]} 6. Be2 {[%clk
1:32:56]} e5 {[%clk 1:33:06]} 7. Nb3 {[%clk 1:33:21]} Be7 {[%clk 1:33:31]} 8. Be3
{[%clk 1:33:42]} Be6 {[%clk 1:33:27]} 9. Nd5 {[%clk 1:34:01]} Nxd5 {[%clk
1:21:26]} 10. exd5 {[%clk 1:34:12]} Bf5 {[%clk 1:21:50]} 11. Qd2 {[%clk 1:34:18]}
Nd7 {[%clk 1:21:35]} 12. Na5 {[%clk 1:26:57]} Qc7 {[%clk 1:19:08]} 13. c4 {[%clk
1:27:09]} O-O {[%clk 1:02:14]} 14. O-O {[%clk 1:27:23]} Bg6 {[%clk 1:01:08]} 15.
b4 {[%clk 1:20:55]} f5 {[%clk 1:01:03]} 16. f4 {[%clk 1:21:17]} Bf6 {[%clk
1:00:25]} 17. Rac1 {[%clk 1:19:46]} b6 {[%clk 0:55:16]} 18. Nc6 {[%clk 1:17:38]}
Rfe8 {[%clk 0:54:18]} 19. Bd3 {[%clk 1:06:56]} e4 {[%clk 0:29:43]} 20. Be2 {[%clk
1:03:16]} Bf7 {[%clk 0:26:32]} 21. Nd4 {[%clk 0:55:19]} Bxd4 {[%clk 0:22:30]} 22.
Bxd4 {[%clk 0:53:26]} Qd8 {[%clk 0:20:53]} 23. Rc3 {[%clk 0:51:36]} Nf6 {[%clk
0:17:12]} 24. Rg3 {[%clk 0:45:35]} Kf8 {[%clk 0:17:18]} 25. Qe3 {[%clk 0:41:52]}
Rb8 {[%clk 0:15:00]} 26. Rg5 {[%clk 0:36:34]} g6 {[%clk 0:07:47]} 27. Qh3 {[%clk
0:33:43]} h5 {[%clk 0:06:13]} 28. Qc3 {[%clk 0:32:12]} Nd7 {[%clk 0:04:15]} 29.
Bg7+ {[%clk 0:28:16]} Ke7 {[%clk 0:04:07]} 30. Bxh5 {[%clk 0:24:33]} gxh5 {[%clk
0:04:17]} 31. Rxf5 {[%clk 0:24:57]} Qc7 {[%clk 0:03:38]} 32. Re1 {[%clk 0:21:40]}
Bg6 {[%clk 0:00:40]} 33. Bf6+ {[%clk 0:21:59]} Nxf6 {[%clk 0:01:04]} 34. Qxf6+
{[%clk 0:22:24]} Kd7 {[%clk 0:01:30]} 35. Qxg6 {[%clk 0:22:45]} 1-0

[Event "European Women's Championship"]
[Site "Vysoke Tatry"]
[Date "2018.04.09"]
[Round "2"]
[White "Warakomska, Anna"]
[Black "Mammadzada, Gunay"]
[Result "0-1"]
[Board "16"]
[WhiteElo "2306"]
[WhiteTitle "WIM"]
[WhiteCountry "POL"]
[WhiteFideId "1130790"]
[WhiteEloChange "-8"]
[BlackElo "2392"]
[BlackTitle "IM"]
[BlackCountry "AZE"]
[BlackFideId "13403729"]
[BlackEloChange "8"]

1. e4 {[%clk 1:30:43]} c5 {[%clk 1:30:49]} 2. Nc3 {[%clk 1:30:30]} Nc6 {[%clk
1:28:45]} 3. Nf3 {[%clk 1:25:37]} d6 {[%clk 1:15:10]} 4. d4 {[%clk 1:25:56]} cxd4
{[%clk 1:15:34]} 5. Nxd4 {[%clk 1:26:22]} Bd7 {[%clk 1:11:55]} 6. Be3 {[%clk
1:16:21]} Nf6 {[%clk 1:11:44]} 7. f3 {[%clk 1:06:14]} a6 {[%clk 1:00:48]} 8. Qd2
{[%clk 1:04:36]} e6 {[%clk 1:00:56]} 9. O-O-O {[%clk 1:02:38]} Be7 {[%clk
0:57:32]} 10. g4 {[%clk 0:59:22]} b5 {[%clk 0:53:22]} 11. g5 {[%clk 0:54:51]} Nh5
{[%clk 0:52:50]} 12. Nxc6 {[%clk 0:47:29]} Bxc6 {[%clk 0:53:14]} 13. Ne2 {[%clk
0:47:45]} Rc8 {[%clk 0:50:13]} 14. Bh3 {[%clk 0:45:23]} Qc7 {[%clk 0:44:34]} 15.
Bg4 {[%clk 0:37:47]} g6 {[%clk 0:44:41]} 16. Bxh5 {[%clk 0:36:33]} gxh5 {[%clk
0:45:09]} 17. Ng3 {[%clk 0:36:29]} d5 {[%clk 0:36:26]} 18. Qc3 {[%clk 0:28:06]}
Rg8 {[%clk 0:36:05]} 19. Nxh5 {[%clk 0:28:08]} b4 {[%clk 0:32:56]} 20. Qd2 {[%clk
0:20:19]} dxe4 {[%clk 0:27:15]} 21. Nf6+ {[%clk 0:12:44]} Bxf6 {[%clk 0:25:07]}
22. gxf6 {[%clk 0:13:11]} Bd5 {[%clk 0:18:03]} 23. Rhg1 {[%clk 0:12:10]} Rg6
{[%clk 0:17:13]} 24. Kb1 {[%clk 0:03:56]} exf3 {[%clk 0:17:27]} 25. Qxb4 {[%clk
0:01:56]} a5 {[%clk 0:09:17]} 26. Qa4+ {[%clk 0:01:03]} Kf8 {[%clk 0:09:09]} 27.
Bf4 {[%clk 0:00:36]} Qc5 {[%clk 0:06:49]} 28. Rgf1 {[%clk 0:00:34]} Kg8 {[%clk
0:04:43]} 29. b3 {[%clk 0:00:36]} Qxc2+ {[%clk 0:04:17]} 30. Ka1 {[%clk 0:01:05]}
Qc3+ {[%clk 0:04:35]} 31. Kb1 {[%clk 0:01:34]} Rg2 {[%clk 0:04:42]} 32. Bd2
{[%clk 0:01:09]} Qxf6 {[%clk 0:03:29]} 0-1

[Event "European Women's Championship"]
[Site "Vysoke Tatry"]
[Date "2018.04.09"]
[Round "2"]
[White "Eric, Jovana"]
[Black "Shuvalova, Polina"]
[Result "0-1"]
[Board "17"]
[WhiteElo "2300"]
[WhiteTitle "WIM"]
[WhiteCountry "SRB"]
[WhiteFideId "938238"]
[WhiteEloChange "-7"]
[BlackElo "2389"]
[BlackTitle "WIM"]
[BlackCountry "RUS"]
[BlackFideId "24171760"]
[BlackEloChange "7"]

1. e4 {[%clk 1:30:56]} c6 {[%clk 1:30:58]} 2. d4 {[%clk 1:31:21]} d5 {[%clk
1:31:25]} 3. e5 {[%clk 1:31:39]} Bf5 {[%clk 1:31:53]} 4. Be3 {[%clk 1:31:52]} e6
{[%clk 1:31:58]} 5. Nd2 {[%clk 1:31:59]} Nd7 {[%clk 1:32:10]} 6. c3 {[%clk
1:31:47]} Ne7 {[%clk 1:32:30]} 7. f4 {[%clk 1:31:26]} Bg6 {[%clk 1:32:52]} 8.
Ngf3 {[%clk 1:31:46]} c5 {[%clk 1:33:05]} 9. Be2 {[%clk 1:30:47]} Nc6 {[%clk
1:32:11]} 10. O-O {[%clk 1:30:29]} Be7 {[%clk 1:31:58]} 11. a3 {[%clk 1:27:46]}
c4 {[%clk 1:29:07]} 12. b3 {[%clk 1:23:57]} cxb3 {[%clk 1:24:46]} 13. Qxb3 {[%clk
1:23:57]} Na5 {[%clk 1:23:21]} 14. Qa2 {[%clk 1:18:46]} O-O {[%clk 1:20:52]} 15.
c4 {[%clk 1:13:54]} dxc4 {[%clk 1:19:53]} 16. Nxc4 {[%clk 1:14:18]} Nxc4 {[%clk
1:18:11]} 17. Bxc4 {[%clk 1:14:42]} Nb6 {[%clk 1:18:31]} 18. Bb3 {[%clk 1:06:12]}
Qd7 {[%clk 1:17:25]} 19. Bf2 {[%clk 0:47:12]} Rac8 {[%clk 1:14:07]} 20. Qd2
{[%clk 0:41:13]} Nc4 {[%clk 1:09:43]} 21. Qa2 {[%clk 0:38:10]} Nxa3 {[%clk
0:54:40]} 22. d5 {[%clk 0:38:27]} exd5 {[%clk 0:54:39]} 23. Bxd5 {[%clk 0:38:26]}
Qg4 {[%clk 0:51:45]} 24. Qb3 {[%clk 0:33:36]} Rcd8 {[%clk 0:41:18]} 25. e6 {[%clk
0:27:21]} Qxf4 {[%clk 0:37:16]} 26. exf7+ {[%clk 0:25:45]} Bxf7 {[%clk 0:33:10]}
27. Bxf7+ {[%clk 0:25:59]} Qxf7 {[%clk 0:32:20]} 28. Rxa3 {[%clk 0:23:03]} Bxa3
{[%clk 0:32:37]} 29. Qxa3 {[%clk 0:23:28]} a6 {[%clk 0:30:21]} 30. Bc5 {[%clk
0:18:36]} Rfe8 {[%clk 0:27:43]} 31. Nd4 {[%clk 0:16:20]} Qc4 {[%clk 0:23:54]} 32.
Nf5 {[%clk 0:14:12]} Rd3 {[%clk 0:21:35]} 33. Qa5 {[%clk 0:09:31]} Rd5 {[%clk
0:18:01]} 34. Nd6 {[%clk 0:01:55]} Rxd6 {[%clk 0:18:06]} 35. Bxd6 {[%clk
0:01:51]} Qd4+ {[%clk 0:18:30]} 36. Kh1 {[%clk 0:02:18]} Qxd6 {[%clk 0:18:55]}
37. Qa2+ {[%clk 0:02:42]} Qe6 {[%clk 0:17:53]} 38. Qb2 {[%clk 0:02:58]} b5 {[%clk
0:17:43]} 39. h3 {[%clk 0:03:18]} h6 {[%clk 0:16:26]} 40. Qa3 {[%clk 0:32:36]}
Rd8 {[%clk 0:43:33]} 41. Qa5 {[%clk 0:31:33]} Rc8 {[%clk 0:39:47]} 42. Re1 {[%clk
0:30:23]} Qg6 {[%clk 0:38:20]} 43. Qa2+ {[%clk 0:29:39]} Kh8 {[%clk 0:34:57]} 44.
Re6 {[%clk 0:27:43]} Rc1+ {[%clk 0:33:45]} 45. Kh2 {[%clk 0:28:06]} Rc2 {[%clk
0:34:04]} 46. Rxg6 {[%clk 0:22:47]} Rxa2 {[%clk 0:34:30]} 47. Rb6 {[%clk
0:23:14]} Ra4 {[%clk 0:29:52]} 48. Kg3 {[%clk 0:23:24]} b4 {[%clk 0:30:14]} 49.
Kf4 {[%clk 0:20:11]} b3+ {[%clk 0:29:02]} 50. Ke3 {[%clk 0:17:47]} Ra3 {[%clk
0:28:54]} 51. Kd4 {[%clk 0:17:44]} a5 {[%clk 0:28:16]} 52. g4 {[%clk 0:16:14]} a4
{[%clk 0:28:00]} 53. h4 {[%clk 0:16:37]} Ra2 {[%clk 0:27:16]} 54. g5 {[%clk
0:16:27]} hxg5 {[%clk 0:27:22]} 55. hxg5 {[%clk 0:16:52]} Kh7 {[%clk 0:27:46]}
56. Ke4 {[%clk 0:14:02]} Rg2 {[%clk 0:25:22]} 57. Kf5 {[%clk 0:12:12]} b2 {[%clk
0:25:12]} 58. g6+ {[%clk 0:08:43]} Kh6 {[%clk 0:25:33]} 59. Rb4 {[%clk 0:08:57]}
Rf2+ {[%clk 0:25:40]} 0-1

[Event "European Women's Championship"]
[Site "Vysoke Tatry"]
[Date "2018.04.09"]
[Round "2"]
[White "Voit, Daria"]
[Black "Sargsyan, Anna M."]
[Result "1/2-1/2"]
[Board "18"]
[WhiteElo "2388"]
[WhiteTitle "FM"]
[WhiteCountry "RUS"]
[WhiteFideId "4182146"]
[WhiteEloChange "-3"]
[BlackElo "2276"]
[BlackTitle "WFM"]
[BlackCountry "ARM"]
[BlackFideId "13308130"]
[BlackEloChange "3"]

1. d4 {[%clk 1:30:53]} d5 {[%clk 1:30:51]} 2. c4 {[%clk 1:31:18]} c6 {[%clk
1:31:13]} 3. Nf3 {[%clk 1:31:34]} Nf6 {[%clk 1:31:36]} 4. e3 {[%clk 1:31:56]} Bg4
{[%clk 1:32:01]} 5. h3 {[%clk 1:31:54]} Bh5 {[%clk 1:32:27]} 6. g4 {[%clk
1:32:14]} Bg6 {[%clk 1:32:51]} 7. Ne5 {[%clk 1:25:14]} e6 {[%clk 1:32:22]} 8.
Nxg6 {[%clk 1:22:58]} hxg6 {[%clk 1:32:42]} 9. Nd2 {[%clk 1:21:29]} g5 {[%clk
1:30:06]} 10. Bg2 {[%clk 1:20:55]} Nbd7 {[%clk 1:30:01]} 11. O-O {[%clk 1:20:54]}
Bd6 {[%clk 1:26:45]} 12. Re1 {[%clk 1:13:30]} Qc7 {[%clk 1:22:49]} 13. cxd5
{[%clk 0:58:33]} Nxd5 {[%clk 1:18:16]} 14. Nf3 {[%clk 0:43:54]} Be7 {[%clk
1:14:01]} 15. e4 {[%clk 0:39:26]} Nf4 {[%clk 1:09:03]} 16. Bxf4 {[%clk 0:39:36]}
Qxf4 {[%clk 1:09:06]} 17. e5 {[%clk 0:38:11]} Nf8 {[%clk 1:03:03]} 18. Qb3 {[%clk
0:19:24]} Rb8 {[%clk 0:50:55]} 19. Nh2 {[%clk 0:13:51]} f5 {[%clk 0:48:52]} 20.
gxf5 {[%clk 0:12:29]} Qxf5 {[%clk 0:47:34]} 21. Bxc6+ {[%clk 0:10:41]} Kf7 {[%clk
0:43:36]} 22. Re3 {[%clk 0:10:34]} bxc6 {[%clk 0:43:59]} 23. Qxb8 {[%clk
0:10:57]} g4 {[%clk 0:44:18]} 24. Nxg4 {[%clk 0:04:42]} Ng6 {[%clk 0:44:42]} 25.
Qb3 {[%clk 0:04:59]} Nf4 {[%clk 0:42:58]} 26. Rf3 {[%clk 0:04:20]} Ke8 {[%clk
0:33:30]} 27. Rxf4 {[%clk 0:03:19]} Qxf4 {[%clk 0:33:50]} 28. Qxe6 {[%clk
0:03:15]} Qf3 {[%clk 0:32:47]} 29. Nh2 {[%clk 0:03:06]} Qe4 {[%clk 0:33:05]} 30.
Qc8+ {[%clk 0:02:04]} Bd8 {[%clk 0:33:28]} 31. Qg4 {[%clk 0:02:23]} Qd5 {[%clk
0:33:31]} 32. Qg6+ {[%clk 0:01:34]} Kf8 {[%clk 0:33:46]} 33. Qd6+ {[%clk
0:01:39]} Qxd6 {[%clk 0:34:08]} 34. exd6 {[%clk 0:02:07]} Rxh3 {[%clk 0:30:50]}
35. Re1 {[%clk 0:01:35]} Rh6 {[%clk 0:29:22]} 36. d7 {[%clk 0:02:02]} Be7 {[%clk
0:29:47]} 37. Ng4 {[%clk 0:02:21]} Rd6 {[%clk 0:30:07]} 38. Ne5 {[%clk 0:02:45]}
Bf6 {[%clk 0:30:19]} 39. Rc1 {[%clk 0:01:20]} Rxd4 {[%clk 0:29:28]} 40. Nxc6
{[%clk 0:31:01]} Rxd7 {[%clk 0:59:51]} 41. b4 {[%clk 0:29:11]} Rb7 {[%clk
0:44:44]} 42. Rc4 {[%clk 0:27:16]} Ke8 {[%clk 0:43:00]} 43. Kf1 {[%clk 0:26:37]}
Kd7 {[%clk 0:41:44]} 44. Nd4 {[%clk 0:26:58]} Kd6 {[%clk 0:30:02]} 45. Nc2 {[%clk
0:23:01]} a5 {[%clk 0:25:04]} 46. bxa5 {[%clk 0:22:58]} Ra7 {[%clk 0:25:11]} 47.
Ra4 {[%clk 0:23:12]} Kc5 {[%clk 0:24:55]} 48. Ne3 {[%clk 0:17:53]} Kb5 {[%clk
0:23:24]} 49. Rg4 {[%clk 0:17:43]} Rxa5 {[%clk 0:20:38]} 50. Nf5 {[%clk 0:17:54]}
Rxa2 {[%clk 0:18:23]} 51. Nxg7 {[%clk 0:18:04]} Kc5 {[%clk 0:18:24]} 52. Nf5
{[%clk 0:18:13]} Kd5 {[%clk 0:18:20]} 1/2-1/2

[Event "European Women's Championship"]
[Site "Vysoke Tatry"]
[Date "2018.04.09"]
[Round "2"]
[White "Badelka, Olga"]
[Black "Velikic, Adela"]
[Result "1/2-1/2"]
[Board "19"]
[WhiteElo "2375"]
[WhiteTitle "WIM"]
[WhiteCountry "BLR"]
[WhiteFideId "13509926"]
[WhiteEloChange "-4"]
[BlackElo "2241"]
[BlackTitle "WIM"]
[BlackCountry "SRB"]
[BlackFideId "913553"]
[BlackEloChange "4"]

1. d4 {[%clk 1:30:57]} d5 {[%clk 1:30:55]} 2. c4 {[%clk 1:31:24]} dxc4 {[%clk
1:31:20]} 3. e3 {[%clk 1:31:26]} Nf6 {[%clk 1:31:41]} 4. Bxc4 {[%clk 1:31:47]} a6
{[%clk 1:31:58]} 5. a4 {[%clk 1:30:00]} c5 {[%clk 1:21:22]} 6. Nf3 {[%clk
1:30:03]} Nc6 {[%clk 1:11:40]} 7. O-O {[%clk 1:27:25]} Bg4 {[%clk 1:03:36]} 8. h3
{[%clk 1:11:23]} Bh5 {[%clk 0:45:23]} 9. dxc5 {[%clk 0:41:16]} Qxd1 {[%clk
0:39:33]} 10. Rxd1 {[%clk 0:41:44]} e6 {[%clk 0:39:28]} 11. Nbd2 {[%clk 0:40:51]}
Bxc5 {[%clk 0:37:47]} 12. Nb3 {[%clk 0:40:07]} Be7 {[%clk 0:36:37]} 13. Bd2
{[%clk 0:39:18]} Ne4 {[%clk 0:29:47]} 14. Be1 {[%clk 0:38:48]} Ng5 {[%clk
0:25:38]} 15. Be2 {[%clk 0:39:09]} Bxf3 {[%clk 0:19:23]} 16. gxf3 {[%clk
0:34:36]} Nxh3+ {[%clk 0:16:55]} 17. Kg2 {[%clk 0:35:02]} Ng5 {[%clk 0:17:20]}
18. Rac1 {[%clk 0:35:17]} e5 {[%clk 0:11:58]} 19. Na5 {[%clk 0:28:28]} Nxa5
{[%clk 0:10:05]} 20. Bxa5 {[%clk 0:28:54]} Ne6 {[%clk 0:07:18]} 21. Bc4 {[%clk
0:24:02]} Nd8 {[%clk 0:02:22]} 22. Bd5 {[%clk 0:24:19]} O-O {[%clk 0:01:23]} 23.
Rc7 {[%clk 0:24:03]} Bf6 {[%clk 0:01:05]} 24. Bb4 {[%clk 0:17:09]} Re8 {[%clk
0:01:23]} 25. a5 {[%clk 0:17:36]} Rb8 {[%clk 0:00:36]} 26. Bd6 {[%clk 0:13:59]}
e4 {[%clk 0:00:43]} 27. fxe4 {[%clk 0:13:15]} Be5 {[%clk 0:00:46]} 28. Bxe5
{[%clk 0:05:53]} Rxe5 {[%clk 0:01:15]} 29. Rdc1 {[%clk 0:06:16]} Kf8 {[%clk
0:00:54]} 30. Rc8 {[%clk 0:06:14]} Rxc8 {[%clk 0:01:17]} 31. Rxc8 {[%clk
0:06:43]} Ke8 {[%clk 0:00:59]} 32. f4 {[%clk 0:02:23]} Re7 {[%clk 0:01:27]} 33.
Kf3 {[%clk 0:02:33]} Kd7 {[%clk 0:01:25]} 34. Rc3 {[%clk 0:02:23]} f6 {[%clk
0:01:11]} 35. f5 {[%clk 0:01:30]} Kd6 {[%clk 0:00:53]} 36. Rb3 {[%clk 0:01:18]}
Kc7 {[%clk 0:00:43]} 37. Rb4 {[%clk 0:00:34]} Re5 {[%clk 0:00:38]} 38. Rc4+
{[%clk 0:00:36]} Nc6 {[%clk 0:00:39]} 39. Rc1 {[%clk 0:00:38]} Kd6 {[%clk
0:00:51]} 40. Bxc6 {[%clk 0:30:35]} bxc6 {[%clk 0:31:14]} 41. Rg1 {[%clk
0:24:07]} Re7 {[%clk 0:22:32]} 42. b4 {[%clk 0:19:54]} 1/2-1/2